[Event "Valpovo op (Women) 22nd"]
[Site "Valpovo"]
[Date "2019.12.13"]
[Round "2.1"]
[White "Ivekovic, Ana"]
[Black "Cvitan, Ena"]
[Result "1/2-1/2"]
[WhiteElo "2016"]
[BlackElo "2289"]
[PlyCount "103"]
[EventDate "2019.12.13"]
[EventType "swiss (rapid)"]
[EventRounds "7"]
[EventCountry "CRO"]
[SourceTitle "EXT 2023"]
[Source "ChessBase"]
[SourceDate "2022.10.05"]
[SourceVersion "1"]
[SourceVersionDate "2022.10.05"]
[SourceQuality "1"]

1. d4 d5 2. c4 e6 3. Nf3 a6 4. Nc3 dxc4 5. e3 b5 6. a4 b4 7. Nb1 Bb7 8. Bxc4 Nf6 9. 0-0 Nbd7 10. Nbd2 c5 11. Qe2 cxd4 12. exd4 Be7 13. Ne5 Nxe5 14. dxe5 Nd7 15. Nf3 Bxf3 16. gxf3 0-0 17. Rd1 Qc7 18. Bf4 Nc5 19. Kh1 Qc6 20. Rg1 Rfd8 21. b3 Rd7 22. Rad1 Rad8 23. Rc1 Qb7 24. Rg2 g6 25. Rgg1 Kg7 26. Rcd1 a5 27. Rxd7 Rxd7 28. Rd1 Rxd1+ 29. Qxd1 h5 30. Kg2 g5 31. Be3 Qc7 32. Bxc5 Bxc5 33. Qe2 Bd4 34. f4 gxf4 35. Qxh5 Bxe5 36. Qg4+ Kf8 37. h4 Qc6+ 38. Qf3 Qxf3+ 39. Kxf3 Kg7 40. Ke4 Bc7 41. Kf3 Kg6 42. Kg4 f5+ 43. Kf3 e5 44. Ke2 Bd8 45. f3 Bxh4 46. Be6 Kf6 47. Bd5 e4 48. fxe4 Ke5 49. Kf3 fxe4+ 50. Bxe4 Be7 51. Bh7 Bd6 52. Bg8 1/2-1/2

[Event "CRO-chT (Women) 28th"]
[Site "Mali Losinj"]
[Date "2019.10.04"]
[Round "8.21"]
[White "Ivekovic, Ana"]
[Black "Salimova, Nurgyul"]
[Result "0-1"]
[WhiteElo "2054"]
[BlackElo "2425"]
[PlyCount "72"]
[EventDate "2019.09.28"]
[EventType "team-tourn"]
[EventRounds "9"]
[EventCountry "CRO"]
[SourceTitle "EXT 2020"]
[Source "ChessBase"]
[SourceDate "2019.10.17"]
[SourceVersion "1"]
[SourceVersionDate "2019.10.17"]
[SourceQuality "1"]
[WhiteTeam "Sisak (W)"]
[BlackTeam "Rijeka Liburnija (W)"]
[WhiteTeamCountry "CRO"]
[BlackTeamCountry "CRO"]

1. d4 Nf6 2. c4 g6 3. Nc3 d5 4. Nf3 Bg7 5. Bf4 0-0 6. cxd5 Nxd5 7. Nxd5 Qxd5 8. Bxc7 Nc6 9. e3 Bf5 10. Qa4 Qd7 11. Ba5 Nxd4 12. Qxd7 Nxf3+ 13. gxf3 Bxd7 14. Rb1 Bf5 15. e4 Be6 16. b3 b6 17. Bb4 Rfd8 18. Rd1 Rxd1+ 19. Kxd1 a5 20. Bxe7 a4 21. bxa4 Rxa4 22. a3 Bd4 23. Bb5 Ra5 24. Bd3 Bxf2 25. Ke2 Bd4 26. Rd1 Kg7 27. Bb5 Be5 28. a4 Bb3 29. Rb1 Bxa4 30. Bc4 b5 31. Bd5 Ra7 32. Bd8 Bxh2 33. Bb6 Re7 34. Rc1 b4 35. Rc8 Bb5+ 36. Ke3 Bg1+ 0-1

[Event "CRO-chT (Women) 28th"]
[Site "Mali Losinj"]
[Date "2019.10.01"]
[Round "5.31"]
[White "Havanecz, Bianka"]
[Black "Ivekovic, Ana"]
[Result "1/2-1/2"]
[WhiteElo "2279"]
[BlackElo "2054"]
[PlyCount "117"]
[EventDate "2019.09.28"]
[EventType "team-tourn"]
[EventRounds "9"]
[EventCountry "CRO"]
[SourceTitle "EXT 2020"]
[Source "ChessBase"]
[SourceDate "2019.10.17"]
[SourceVersion "1"]
[SourceVersionDate "2019.10.17"]
[SourceQuality "1"]
[WhiteTeam "Zagreb Mladost (W)"]
[BlackTeam "Sisak (W)"]
[WhiteTeamCountry "CRO"]
[BlackTeamCountry "CRO"]

1. d4 Nf6 2. c4 e6 3. Nf3 Bb4+ 4. Nbd2 d6 5. a3 Bxd2+ 6. Bxd2 Ne4 7. Bc1 0-0 8. e3 Nd7 9. Bd3 Nef6 10. 0-0 e5 11. Bc2 Re8 12. b4 c6 13. dxe5 Nxe5 14. Nxe5 dxe5 15. Qxd8 Rxd8 16. Bb2 Be6 17. c5 Rd2 18. Rac1 Bf5 19. Bxf5 Rxb2 20. Rb1 Rxb1 21. Rxb1 Rd8 22. g3 g6 23. Bh3 Rd3 24. Bc8 b6 25. cxb6 axb6 26. Rc1 Rxa3 27. Rxc6 Nd5 28. b5 Rc3 29. Rd6 Rxc8 30. Rxd5 Re8 31. e4 h5 32. Kg2 Kf8 33. Kf3 Re6 34. Ke3 Ke7 35. f4 f6 36. Rd2 g5 37. f5 Rd6 38. Ra2 Kf7 39. Ra7+ Kg8 40. Rb7 Kf8 41. h4 gxh4 42. gxh4 Ke8 43. Rh7 Kf8 44. Rb7 Ke8 45. Rc7 Kf8 46. Rh7 Kg8 47. Rc7 Kf8 48. Rc1 Ke7 49. Rc8 Rd8 50. Rc7+ Rd7 51. Rc1 Rd6 52. Ra1 Ke8 53. Ra7 Rd7 54. Ra8+ Rd8 55. Rxd8+ Kxd8 56. Kd3 Kd7 57. Kc3 Kc7 58. Kb4 Kd7 59. Kc4 1/2-1/2

[Event "CRO-chT (Women) 28th"]
[Site "Mali Losinj"]
[Date "2019.09.29"]
[Round "3.2"]
[White "Janzelj, Lara"]
[Black "Ivekovic, Ana"]
[Result "1-0"]
[WhiteElo "2159"]
[BlackElo "2054"]
[PlyCount "55"]
[EventDate "2019.09.28"]
[EventType "team-tourn"]
[EventRounds "9"]
[EventCountry "CRO"]
[SourceTitle "EXT 2020"]
[Source "ChessBase"]
[SourceDate "2019.10.17"]
[SourceVersion "1"]
[SourceVersionDate "2019.10.17"]
[SourceQuality "1"]
[WhiteTeam "Novo Virje Konaki (W)"]
[BlackTeam "Sisak (W)"]
[WhiteTeamCountry "CRO"]
[BlackTeamCountry "CRO"]

1. c4 e5 2. g3 Nf6 3. Bg2 Be7 4. Nc3 c6 5. e4 0-0 6. Nge2 d6 7. 0-0 Be6 8. b3 Qc8 9. d4 Bh3 10. Ba3 Bxg2 11. Kxg2 Re8 12. f4 exf4 13. gxf4 Bf8 14. Ng3 d5 15. Bxf8 Rxf8 16. e5 Ng4 17. Qf3 dxc4 18. f5 Nh6 19. bxc4 Nd7 20. Qf4 Nb6 21. f6 Qg4 22. fxg7 Qxg7 23. Nce4 Nxc4 24. Kh1 Kh8 25. Nh5 Qg6 26. Rg1 Qf5 27. Qxh6 Qxe4+ 28. Rg2 1-0

[Event "Valpovo op (Women) 21st"]
[Site "Valpovo"]
[Date "2018.12.09"]
[Round "6.2"]
[White "Ivekovic, Ana"]
[Black "Vidovic, Petra"]
[Result "1/2-1/2"]
[WhiteElo "2054"]
[BlackElo "1499"]
[PlyCount "61"]
[EventDate "2018.12.07"]
[EventType "swiss (rapid)"]
[EventRounds "7"]
[EventCountry "CRO"]
[SourceTitle "EXT 2023"]
[Source "ChessBase"]
[SourceDate "2022.10.05"]
[SourceVersion "1"]
[SourceVersionDate "2022.10.05"]
[SourceQuality "1"]

1. d4 d5 2. c4 dxc4 3. e3 a6 4. Bxc4 b5 5. Bxf7+ Kxf7 6. Qf3+ Nf6 7. Qxa8 Bd7 8. Nf3 Ke8 9. Qa7 e6 10. Bd2 Bc6 11. d5 Bxd5 12. Qd4 Nc6 13. Qh4 Bxf3 14. gxf3 Ne5 15. Qh3 Qd7 16. Bc3 Nd3+ 17. Kf1 Nd5 18. Kg1 b4 19. Bd2 Nxb2 20. Qh5+ g6 21. Qh4 Nd3 22. Qd4 Bg7 23. Qxd3 Bxa1 24. Qxa6 Rf8 25. Kg2 Rf6 26. Qc4 Qf7 27. Qb5+ Kd8 28. Qb8+ Kd7 29. Qb5+ Kd8 30. Qb8+ Kd7 31. Qb5+ 1/2-1/2

[Event "Olympiad Women-43"]
[Site "Batumi"]
[Date "2018.10.05"]
[Round "11.4"]
[White "Ivekovic, Ana"]
[Black "Pavlidou, Ekaterini"]
[Result "0-1"]
[WhiteElo "2118"]
[BlackElo "2194"]
[PlyCount "116"]
[EventDate "2018.09.24"]
[EventType "team-swiss"]
[EventRounds "11"]
[EventCountry "GEO"]
[SourceTitle "EXT 2020"]
[Source "ChessBase"]
[SourceDate "2019.10.17"]
[SourceVersion "1"]
[SourceVersionDate "2019.10.17"]
[SourceQuality "1"]
[WhiteTeam "Croatia (W)"]
[BlackTeam "Greece (W)"]
[WhiteTeamCountry "CRO"]
[BlackTeamCountry "GRE"]

1. d4 Nf6 2. c4 e6 3. Nf3 Bb4+ 4. Bd2 a5 5. Qc2 d5 6. a3 Be7 7. Nc3 c6 8. e3 b6 9. cxd5 exd5 10. Bd3 0-0 11. 0-0 Bb7 12. Ne5 h6 13. Rac1 Nbd7 14. Nxd7 Qxd7 15. Na4 Qc7 16. Qb3 Bd8 17. Rfd1 g6 18. Be1 Ng4 19. g3 Re8 20. Be2 h5 21. Rc3 Kg7 22. Rdc1 Rc8 23. Nxb6 Qxb6 24. Bxg4 hxg4 25. Qxb6 Bxb6 26. Rb3 Bxd4 27. Rxb7 Rxe3 28. Bc3 Re4 29. Bxa5 Re2 30. Bc3 Bxc3 31. Rxc3 d4 32. Rd3 c5 33. Kf1 Rc2 34. f3 Rc6 35. b4 cxb4 36. Rxb4 Rxh2 37. Kg1 Ra2 38. Rbxd4 Rc1+ 39. Rd1 Rxd1+ 40. Rxd1 Rxa3 41. Rd4 Rxf3 42. Kg2 f5 43. Rd7+ Kf6 44. Rd6+ Kf7 45. Ra6 Re3 46. Kf2 Re6 47. Ra7+ Kf6 48. Ra5 g5 49. Ra4 Rd6 50. Rb4 Ke5 51. Rb8 Rd2+ 52. Kf1 Ke4 53. Rb4+ Rd4 54. Rb5 Rd5 55. Rb4+ Ke3 56. Rb3+ Rd3 57. Rb5 f4 58. Rxg5 Kf3 0-1

[Event "CRO-chT (Women) 27th"]
[Site "Biograd"]
[Date "2018.09.14"]
[Round "8.11"]
[White "Ivekovic, Ana"]
[Black "Repkova, Eva"]
[Result "1/2-1/2"]
[WhiteElo "2118"]
[BlackElo "2288"]
[PlyCount "38"]
[EventDate "2018.09.08"]
[EventType "team-tourn"]
[EventRounds "9"]
[EventCountry "CRO"]
[SourceTitle "CBM 186 Extra"]
[Source "ChessBase"]
[SourceDate "2018.08.24"]
[SourceVersion "1"]
[SourceVersionDate "2018.08.24"]
[SourceQuality "1"]
[WhiteTeam "Sisak (W)"]
[BlackTeam "Busevec Polet (W)"]
[WhiteTeamCountry "CRO"]
[BlackTeamCountry "CRO"]

1. d4 e6 2. c4 Nf6 3. Nf3 b6 4. g3 Bb7 5. Bg2 d6 6. b3 Nbd7 7. Bb2 Be7 8. 0-0 0-0 9. Nbd2 Ne4 10. Nxe4 Bxe4 11. Nd2 Bxg2 12. Kxg2 f5 13. e4 Qe8 14. Qe2 Qf7 15. f4 Rfe8 16. Rad1 Rad8 17. Nf3 Qh5 18. Rfe1 Nf8 19. d5 fxe4 1/2-1/2

[Event "Valpovo op (Women) 20th"]
[Site "Valpovo"]
[Date "2017.12.09"]
[Round "5.2"]
[White "Berke, Ana"]
[Black "Ivekovic, Ana"]
[Result "1-0"]
[WhiteElo "2122"]
[BlackElo "2110"]
[PlyCount "75"]
[EventDate "2017.12.08"]
[EventType "swiss (rapid)"]
[EventRounds "7"]
[EventCountry "CRO"]
[SourceTitle "EXT 2023"]
[Source "ChessBase"]
[SourceDate "2022.10.05"]
[SourceVersion "1"]
[SourceVersionDate "2022.10.05"]
[SourceQuality "1"]

1. e4 e5 2. Nf3 Nc6 3. Bb5 a6 4. Ba4 Nf6 5. d3 b5 6. Bb3 Bc5 7. Nc3 h6 8. 0-0 0-0 9. Nd5 d6 10. c3 Rb8 11. Be3 Bg4 12. h3 Bh5 13. Qe2 Nd7 14. Rad1 Ne7 15. d4 Nxd5 16. Bxd5 exd4 17. cxd4 Bb6 18. Rfe1 Qe7 19. g4 Bg6 20. g5 Ba5 21. gxh6 Bxe1 22. Rxe1 Kh7 23. Ng5+ Kh8 24. hxg7+ Kxg7 25. Bd2 Nf6 26. Bb3 Nh7 27. Nf3 Rbe8 28. e5 Qd7 29. Kh2 d5 30. Rg1 Rg8 31. Rg3 Nf8 32. Bc2 Rh8 33. Ng5 Rh4 34. Qe3 Kh8 35. Qf3 Qd8 36. Nxf7+ Bxf7 37. Qxf7 Qd7 38. Qg8# 1-0

[Event "CRO-chT (Women)"]
[Site "Sibenik"]
[Date "2016.10.14"]
[Round "8.2"]
[White "Ivekovic, Ana"]
[Black "Kejzar, Petra"]
[Result "1-0"]
[WhiteElo "2084"]
[BlackElo "1986"]
[PlyCount "59"]
[EventDate "2016.10.08"]
[EventType "team-tourn"]
[EventRounds "9"]
[EventCountry "CRO"]
[SourceTitle "EXT 2017"]
[Source "ChessBase"]
[SourceDate "2016.10.25"]
[SourceVersion "1"]
[SourceVersionDate "2016.10.25"]
[SourceQuality "1"]
[WhiteTeam "Sisak (W)"]
[BlackTeam "Rijeka Junior (W)"]
[WhiteTeamCountry "CRO"]
[BlackTeamCountry "CRO"]

1. d4 f5 2. g3 Nf6 3. Bg2 g6 4. b3 Bg7 5. Bb2 d5 6. Nh3 0-0 7. Nf4 c6 8. Nd2 Ne4 9. 0-0 Na6 10. Nd3 Nc7 11. Nf3 Ne6 12. Nfe5 Qe8 13. e3 g5 14. c4 b6 15. Rc1 Bb7 16. f3 Nf6 17. Bh3 Nd7 18. e4 dxe4 19. fxe4 g4 20. Bg2 Nxe5 21. Nxe5 Bxe5 22. exf5 Bg7 23. fxe6 Qg6 24. Qe2 Rxf1+ 25. Rxf1 Rd8 26. Be4 Qg5 27. Rf5 Qh6 28. Qxg4 Qe3+ 29. Kg2 Kh8 30. Rh5 1-0

[Event "CRO-chT (Women)"]
[Site "Sibenik"]
[Date "2016.10.09"]
[Round "2.4"]
[White "Repkova, Eva"]
[Black "Ivekovic, Ana"]
[Result "1-0"]
[WhiteElo "2329"]
[BlackElo "2084"]
[PlyCount "54"]
[EventDate "2016.10.08"]
[EventType "team-tourn"]
[EventRounds "9"]
[EventCountry "CRO"]
[SourceTitle "EXT 2017"]
[Source "ChessBase"]
[SourceDate "2016.10.25"]
[SourceVersion "1"]
[SourceVersionDate "2016.10.25"]
[SourceQuality "1"]
[WhiteTeam "Busevec Polet (W)"]
[BlackTeam "Sisak (W)"]
[WhiteTeamCountry "CRO"]
[BlackTeamCountry "CRO"]

1. e4 e5 2. Nf3 Nc6 3. Bc4 Nf6 4. d3 Be7 5. Nbd2 d6 6. c3 0-0 7. Bb3 g6 8. Nf1 Nh5 9. Bh6 Re8 10. Qd2 Be6 11. Ba4 a6 12. Ng3 Ng7 13. h4 b5 14. Bd1 f6 15. h5 g5 16. Nh2 Qc8 17. 0-0 Nd8 18. Bxg5 fxg5 19. h6 Rf8 20. hxg7 Kxg7 21. d4 h6 22. a4 Rb8 23. Be2 Nf7 24. axb5 axb5 25. Ra7 Nh8 26. Nf5+ Bxf5 27. exf5 Rxf5 1-0

[Event "Topusko op 5th"]
[Site "Topusko"]
[Date "2016.08.12"]
[Round "8"]
[White "Takac, Zvonko"]
[Black "Ivekovic, Ana"]
[Result "1/2-1/2"]
[WhiteElo "1999"]
[BlackElo "2104"]
[PlyCount "39"]
[EventDate "2016.08.06"]
[EventType "swiss"]
[EventRounds "9"]
[EventCountry "CRO"]
[SourceTitle "CBM 173 Extra"]
[Source "ChessBase"]
[SourceDate "2016.08.29"]
[SourceVersion "1"]
[SourceVersionDate "2016.08.29"]
[SourceQuality "1"]

1. d4 Nf6 2. c4 e6 3. Nc3 Bb4 4. Qc2 0-0 5. Nf3 c5 6. dxc5 Qa5 7. Bd2 Qxc5 8. e3 d6 9. a3 Bxc3 10. Bxc3 Nbd7 11. Rd1 Qc7 12. Bd3 h6 13. 0-0 b6 14. Nd4 Bb7 15. Nb5 Qc6 16. f3 d5 17. Bb4 Nc5 18. cxd5 Nxd5 19. Bxc5 bxc5 20. Rfe1 1/2-1/2

[Event "Topusko op 5th"]
[Site "Topusko"]
[Date "2016.08.11"]
[Round "7"]
[White "Ivekovic, Ana"]
[Black "Sakanovic, Samir"]
[Result "1/2-1/2"]
[WhiteElo "2104"]
[BlackElo "2000"]
[PlyCount "112"]
[EventDate "2016.08.06"]
[EventType "swiss"]
[EventRounds "9"]
[EventCountry "CRO"]
[SourceTitle "CBM 173 Extra"]
[Source "ChessBase"]
[SourceDate "2016.08.29"]
[SourceVersion "1"]
[SourceVersionDate "2016.08.29"]
[SourceQuality "1"]

1. d4 Nf6 2. c4 g6 3. Nf3 Bg7 4. Nc3 d6 5. e4 0-0 6. Be2 Na6 7. 0-0 c5 8. d5 Nc7 9. Bd2 a6 10. a4 Rb8 11. a5 b5 12. axb6 Rxb6 13. Na4 Rb8 14. Qc2 Bd7 15. Ba5 Bxa4 16. Rxa4 Nfe8 17. Rb1 Qd7 18. Ra2 f5 19. exf5 Rxf5 20. Bd3 Rf4 21. Bd2 Rf8 22. Re1 e5 23. Ng5 Qg4 24. f3 Qd7 25. Ne4 Qe7 26. Rb1 Nf6 27. Nxf6+ Qxf6 28. Be4 Rfc8 29. b4 cxb4 30. Bxb4 Nb5 31. Qd3 Nc7 32. Rab2 Ne8 33. Ba5 Rxb2 34. Rxb2 Qf4 35. Bd2 Qf7 36. Be3 Qc7 37. Ra2 a5 38. Ra4 Nf6 39. Bd2 Nd7 40. Qe3 Ra8 41. Qa3 Nc5 42. Rxa5 Rf8 43. Ra7 Qb6 44. Be3 Rc8 45. Ra8 Rxa8 46. Qxa8+ Bf8 47. Qc6 Qb4 48. Kf2 Qxc4 49. Bxc5 Qxc5+ 50. Qxc5 dxc5 51. Ke2 c4 52. d6 Bxd6 53. Bd5+ Kg7 54. Bxc4 Kf6 55. h3 h5 56. Bd5 e4 1/2-1/2

[Event "Topusko op 5th"]
[Site "Topusko"]
[Date "2016.08.10"]
[Round "6"]
[White "Kablar, Dorian"]
[Black "Ivekovic, Ana"]
[Result "0-1"]
[WhiteElo "1412"]
[BlackElo "2104"]
[PlyCount "100"]
[EventDate "2016.08.06"]
[EventType "swiss"]
[EventRounds "9"]
[EventCountry "CRO"]
[SourceTitle "CBM 173 Extra"]
[Source "ChessBase"]
[SourceDate "2016.08.29"]
[SourceVersion "1"]
[SourceVersionDate "2016.08.29"]
[SourceQuality "1"]

1. e4 e5 2. Nf3 Nc6 3. Nc3 Nf6 4. Bc4 Be7 5. d3 d6 6. h3 Na5 7. Bb3 Nxb3 8. axb3 c6 9. d4 Qc7 10. Bg5 0-0 11. Bxf6 Bxf6 12. d5 c5 13. Nb5 Qb6 14. c4 Bd7 15. Nc3 a6 16. 0-0 Qc7 17. Qd2 Kh8 18. Kh1 Rg8 19. g4 Raf8 20. Rg1 g6 21. Raf1 Bd8 22. h4 Qc8 23. g5 f6 24. Rg3 fxg5 25. hxg5 Bg4 26. Rfg1 Rf4 27. Qe3 Bxf3+ 28. Rxf3 Rgf8 29. Rxf4 Rxf4 30. Rg3 Kg7 31. f3 Be7 32. Kg2 Qd8 33. Ne2 Bxg5 34. Qc3 Rf7 35. b4 b6 36. bxc5 bxc5 37. f4 Bxf4 38. Rf3 Qg5+ 39. Kf2 Qh4+ 40. Kf1 Qh1+ 41. Kf2 Qxf3+ 42. Qxf3 Bd2 43. b3 Rxf3+ 44. Kxf3 Kf6 45. Kg4 Ke7 46. Ng1 Kd7 47. Nf3 Bf4 48. Nh4 Kc7 49. Ng2 Bd2 50. Nh4 Kb6 0-1

[Event "Topusko op 5th"]
[Site "Topusko"]
[Date "2016.08.09"]
[Round "5"]
[White "Ivekovic, Ana"]
[Black "Tomerlin, Sinisa"]
[Result "0-1"]
[WhiteElo "2104"]
[BlackElo "2283"]
[PlyCount "55"]
[EventDate "2016.08.06"]
[EventType "swiss"]
[EventRounds "9"]
[EventCountry "CRO"]
[SourceTitle "CBM 173 Extra"]
[Source "ChessBase"]
[SourceDate "2016.08.29"]
[SourceVersion "1"]
[SourceVersionDate "2016.08.29"]
[SourceQuality "1"]

1. d4 Nf6 2. c4 g6 3. Nc3 Bg7 4. Nf3 0-0 5. e4 d6 6. Be2 Bg4 7. h3 Bxf3 8. Bxf3 Nfd7 9. 0-0 Nc6 10. Be3 e5 11. d5 Nd4 12. Nb5 Qf6 13. Bg4 Nc5 14. Nxc7 Rab8 15. Nb5 Nxe4 16. Nxa7 h5 17. Be2 Nf5 18. Qd3 Ng5 19. Nb5 e4 20. Qd2 Bh6 21. Qc3 Qe7 22. Bb6 Bg7 23. Qc2 Be5 24. f4 exf3 25. Bxf3 Nh4 26. Rfe1 f5 27. Bd4 Bg3 28. Rf1 0-1

[Event "Topusko op 5th"]
[Site "Topusko"]
[Date "2016.08.06"]
[Round "1"]
[White "Ivekovic, Ana"]
[Black "Kolsek, Jan"]
[Result "1-0"]
[WhiteElo "2104"]
[BlackElo "1631"]
[PlyCount "35"]
[EventDate "2016.08.06"]
[EventType "swiss"]
[EventRounds "9"]
[EventCountry "CRO"]
[SourceTitle "CBM 173 Extra"]
[Source "ChessBase"]
[SourceDate "2016.08.29"]
[SourceVersion "1"]
[SourceVersionDate "2016.08.29"]
[SourceQuality "1"]

1. d4 Nf6 2. c4 c5 3. d5 e6 4. Nc3 exd5 5. Nxd5 b6 6. Bf4 d6 7. Nxf6+ Qxf6 8. Qd5 Qxf4 9. Qxa8 Qxc4 10. Nf3 Qb4+ 11. Nd2 Qxb2 12. Rb1 Qxa2 13. Rxb6 Qc2 14. Rb1 Be7 15. Qxb8 0-0 16. Qxa7 Bf5 17. Qxe7 Qc3 18. e4 1-0

[Event "CRO-chT2 Center 25th"]
[Site "Croatia"]
[Date "2016.04.17"]
[Round "6.34"]
[White "Ivekovic, Ana"]
[Black "Nemec, Vjekoslav"]
[Result "0-1"]
[WhiteElo "2093"]
[BlackElo "2176"]
[PlyCount "78"]
[EventDate "2016.03.13"]
[EventType "team-tourn"]
[EventRounds "11"]
[EventCountry "CRO"]
[SourceTitle "EXT 2019"]
[Source "ChessBase"]
[SourceDate "2018.10.10"]
[SourceVersion "1"]
[SourceVersionDate "2018.10.10"]
[SourceQuality "1"]

1. d4 g6 2. c4 Bg7 3. Nc3 d6 4. g3 e5 5. d5 f5 6. f3 Nf6 7. Bg2 0-0 8. Nh3 c6 9. Nf2 Na6 10. 0-0 cxd5 11. cxd5 Qb6 12. Kh1 Bd7 13. e4 Rac8 14. Qe2 fxe4 15. Nfxe4 Nxe4 16. fxe4 Rxf1+ 17. Bxf1 Nc5 18. Be3 a5 19. Rb1 Qd8 20. Qd2 a4 21. b4 axb3 22. axb3 Na6 23. b4 Bg4 24. Be2 Bxe2 25. Nxe2 Rc4 26. b5 Nb8 27. Qd3 Qc8 28. Rc1 Rxc1+ 29. Nxc1 Nd7 30. Nb3 Nf6 31. Kg2 h5 32. Nd2 h4 33. Bg5 h3+ 34. Kg1 Qc5+ 35. Be3 Qc1+ 36. Qf1 Qc3 37. Bg5 Nh7 38. Be7 Qxd2 39. Qxh3 Qe1+ 0-1

[Event "CRO-ch (Women)"]
[Site "Zagreb"]
[Date "2016.02.24"]
[Round "6"]
[White "Blazeka, Mihaela"]
[Black "Ivekovic, Ana"]
[Result "0-1"]
[WhiteElo "1902"]
[BlackElo "2083"]
[PlyCount "90"]
[EventDate "2016.02.19"]
[EventType "tourn"]
[EventRounds "9"]
[EventCountry "CRO"]
[SourceTitle "CBM 171 Extra"]
[Source "ChessBase"]
[SourceDate "2016.04.26"]
[SourceVersion "1"]
[SourceVersionDate "2016.04.26"]
[SourceQuality "1"]

1. e4 e5 2. Nf3 Nc6 3. Bc4 Nf6 4. Ng5 d5 5. exd5 Na5 6. Bb5+ c6 7. dxc6 bxc6 8. Bf1 Bc5 9. Qe2 0-0 10. Nc3 Nd5 11. Nge4 Be7 12. d3 f5 13. Ng3 Bb4 14. Bd2 Nf4 15. Qf3 Ng6 16. a3 Bd6 17. b4 e4 18. dxe4 Ne5 19. Qe2 Nac4 20. f4 Nxd2 21. Qxd2 Ng6 22. e5 Be7 23. Bc4+ Kh8 24. Qxd8 Rxd8 25. 0-0 a5 26. b5 Bc5+ 27. Kh1 cxb5 28. Bd5 Rb8 29. Bc6 Be6 30. Nge2 Bc4 31. Rfd1 Rxd1+ 32. Rxd1 Bxa3 33. g3 Ne7 34. Bf3 Bb4 35. Rd4 Kg8 36. Kg2 Kf8 37. Rd7 a4 38. Rd4 a3 39. g4 Bc5 40. Rd1 g6 41. Nd4 b4 42. Na4 Ba7 43. h3 Bxd4 44. Rxd4 a2 45. Rd1 b3 0-1

[Event "CRO-ch (Women)"]
[Site "Zagreb"]
[Date "2016.02.22"]
[Round "4"]
[White "Jelica, Mara"]
[Black "Ivekovic, Ana"]
[Result "1-0"]
[WhiteElo "2154"]
[BlackElo "2083"]
[PlyCount "45"]
[EventDate "2016.02.19"]
[EventType "tourn"]
[EventRounds "9"]
[EventCountry "CRO"]
[SourceTitle "CBM 171 Extra"]
[Source "ChessBase"]
[SourceDate "2016.04.26"]
[SourceVersion "1"]
[SourceVersionDate "2016.04.26"]
[SourceQuality "1"]

1. e4 d6 2. d4 Nf6 3. Nc3 g6 4. Bg5 Bg7 5. Qd2 h6 6. Bh4 c6 7. f4 Qc7 8. Nf3 Bg4 9. Bd3 Bxf3 10. gxf3 Nh5 11. Bf2 d5 12. f5 dxe4 13. fxe4 gxf5 14. e5 Bf8 15. Bxf5 Ng7 16. Bh3 Nd7 17. 0-0-0 e6 18. Bh4 Nb6 19. Ne4 Be7 20. Bxe7 Kxe7 21. Rhf1 Raf8 22. Rf6 h5 23. Qg5 1-0

[Event "CRO-ch (Women)"]
[Site "Zagreb"]
[Date "2016.02.20"]
[Round "2"]
[White "Berke, Ana"]
[Black "Ivekovic, Ana"]
[Result "1-0"]
[WhiteElo "2130"]
[BlackElo "2083"]
[PlyCount "57"]
[EventDate "2016.02.19"]
[EventType "tourn"]
[EventRounds "9"]
[EventCountry "CRO"]
[SourceTitle "CBM 171 Extra"]
[Source "ChessBase"]
[SourceDate "2016.04.26"]
[SourceVersion "1"]
[SourceVersionDate "2016.04.26"]
[SourceQuality "1"]

1. e4 d6 2. d4 Nf6 3. Nc3 g6 4. h3 Bg7 5. g4 b6 6. g5 Nfd7 7. Bg2 Bb7 8. Be3 c5 9. Nge2 Nc6 10. d5 Na5 11. b3 Ba6 12. Rb1 Qc7 13. a4 Rb8 14. Nb5 Qb7 15. f4 Bxb5 16. axb5 a6 17. bxa6 Qxa6 18. 0-0 0-0 19. h4 Rfd8 20. h5 Qc8 21. hxg6 hxg6 22. Bh3 Qc7 23. Qe1 Nf8 24. f5 gxf5 25. exf5 Be5 26. Qh4 Nh7 27. Rf2 Nf8 28. Rbf1 Nd7 29. f6 1-0

[Event "CRO-chT (Women) 24th"]
[Site "Bol"]
[Date "2015.10.06"]
[Round "5.11"]
[White "Cyfka, Karina"]
[Black "Ivekovic, Ana"]
[Result "1-0"]
[WhiteElo "2390"]
[BlackElo "2097"]
[PlyCount "65"]
[EventDate "2015.10.03"]
[EventType "team-tourn"]
[EventRounds "9"]
[EventCountry "CRO"]
[SourceTitle "CBM 168 Extra"]
[Source "ChessBase"]
[SourceDate "2015.10.29"]
[SourceVersion "1"]
[SourceVersionDate "2015.10.29"]
[SourceQuality "1"]
[WhiteTeam "Split Mornar (W)"]
[BlackTeam "Sisak (W)"]
[WhiteTeamCountry "CRO"]
[BlackTeamCountry "CRO"]

1. d4 Nf6 2. c4 e6 3. Nf3 Bb4+ 4. Nbd2 0-0 5. a3 Bxd2+ 6. Bxd2 d6 7. Bg5 Nbd7 8. e3 c6 9. Qc2 a5 10. b3 b6 11. Be2 Qc7 12. 0-0 Bb7 13. Nd2 c5 14. Bh4 cxd4 15. exd4 Rfc8 16. Qd3 d5 17. Bg3 Qd8 18. a4 Qe7 19. Rfe1 Qb4 20. Rac1 Rd8 21. Qc3 Qf8 22. c5 Rac8 23. Bd6 Qe8 24. Bb5 Bc6 25. b4 axb4 26. Qxb4 bxc5 27. dxc5 Nb8 28. f3 Qd7 29. Nb3 Qa7 30. Nd4 Nfd7 31. Kh1 Na6 32. Nxc6 Rxc6 33. Qa5 1-0

[Event "CRO-chT (Women) 24th"]
[Site "Bol"]
[Date "2015.10.03"]
[Round "1.11"]
[White "Ivekovic, Ana"]
[Black "Raguz, Ivanka"]
[Result "1-0"]
[WhiteElo "2097"]
[BlackElo "1872"]
[PlyCount "95"]
[EventDate "2015.10.03"]
[EventType "team-tourn"]
[EventRounds "9"]
[EventCountry "CRO"]
[SourceTitle "CBM 168 Extra"]
[Source "ChessBase"]
[SourceDate "2015.10.29"]
[SourceVersion "1"]
[SourceVersionDate "2015.10.29"]
[SourceQuality "1"]
[WhiteTeam "Sisak (W)"]
[BlackTeam "Djakovo Dama (W)"]
[WhiteTeamCountry "CRO"]
[BlackTeamCountry "CRO"]

1. d4 d5 2. c4 dxc4 3. Nc3 a6 4. e3 b5 5. a4 b4 6. Nb1 e5 7. Bxc4 Bb7 8. Qh5 Qe7 9. Nf3 exd4 10. 0-0 Nf6 11. Qh3 dxe3 12. Bxe3 Nbd7 13. Bf4 0-0-0 14. Nbd2 Nd5 15. Bxd5 Bxd5 16. Rac1 c6 17. Nc4 Qe6 18. Qxe6 fxe6 19. Ng5 e5 20. Nxe5 Nxe5 21. Bxe5 h6 22. Nh3 Bd6 23. Bxd6 Rxd6 24. Rfe1 g5 25. f3 Kd7 26. Nf2 Rc8 27. Nd3 Kc7 28. Nxb4 Kb6 29. Re3 c5 30. Rec3 a5 31. Nd3 c4 32. Ne5 Re8 33. Nxc4+ Bxc4 34. Rxc4 Re2 35. R4c2 Rdd2 36. Rxd2 Rxd2 37. Re1 Kc5 38. Re6 Kb4 39. Rxh6 Rxb2 40. Rb6+ Ka3 41. Rxb2 Kxb2 42. f4 gxf4 43. h4 Kb3 44. h5 Kxa4 45. h6 Kb3 46. h7 a4 47. h8Q a3 48. Qa1 1-0